01922nam a22003617a 4500003000400000005001700004008004100021040002200062082001800084100002500102245003000127260006000157300002100217366000800238490002700246505001700273505001800290505020200308505001400510505001500524505002900539505033600568505026700904505001201171650005501183650004701238650004801285650004301333650004501376650005601421650004701477700003601524OSt20230616094340.0221006b |||||||| |||| 00| 0 eng d cBiblioteca Lado V a709.05bG851a aGriffin, Timeeditor aArtforum/bInternacional/ aNew Yorkc2003bNew York editorial and business offices c26.5x27cma288p. eeng aMarzov2003x0864-1315 tContributors tEditor's Note tWRITING THE 80'SaOther voices: Four Critical Vignettes The Diarist The Architects The Painter The Poets Outside the Box: Unpacking Craig Owen's Slide Library Zines for a Day: The Other Art Press t80's Then t80's Again tTIME CAPSULESa1980-1985 tMILESTONESa1980: Fassbinder's Berlin Alexanderplatz 1980: Talkin Heads' Remain in Light 1981: New York 1981: Keith Haring's Wilde Style 1981: Scritti Politti's 1982: Bruce Webwe 1982: The Other de Chirico 1982: Anselm Kiefer's Innenraum 1982: Blade Runner 1984: World of Video 1985: The Replacements; Tim 1985: Wigstock tFEATURESaThe Morning After: A Roundtable Ripening on the Rhine: The Cologne Art World of the 80's My 80's My Postmodernism Blood of the Poets: The Tribal 80's Whatever Happened to: The Trouble witch Christian Leight Princes Among Thieves: Sampling the 80's tREVIEWS 2Tesauro de Arte & ArquitecturaaARTE COMTEMPORANEO 2Tesauro de Arte & ArquitecturaaFOTOGRAFIA 2Tesauro de Arte & ArquitecturaaARTE VISUAL 2Tesauro de Arte & ArquitecturaaLIBROS 2Tesauro de Arte & ArquitecturaaNOTICIAS 2 Tesauro de Arte & ArquitecturaaARTE INTERNACIONAL 2 Tesauro de Arte & ArquitecturaaESCULTURA aNavarreta, Jose Antonioeeditor